| 000 | 00583nam a2200229Ia 4500 | ||
|---|---|---|---|
| 003 | OSt | ||
| 005 | 20230522095044.0 | ||
| 008 | 210423s2011 xx 000 0 und d | ||
| 020 | _a978-0-8206-0252-3 | ||
| 040 | _cAL | ||
| 041 | _aeng | ||
| 082 |
_a510.2454 _223 _bHIRM |
||
| 100 |
_aHIRST (D M) _9109938 |
||
| 245 | _aMathematics for chemists | ||
| 260 |
_aNew York _bChemical Publishing _c2011 |
||
| 300 |
_axi, 303 _bHB |
||
| 365 |
_b6951 _cUSD |
||
| 650 |
_aMathematics _9109939 |
||
| 650 |
_aSciences _9109940 |
||
| 906 | _aMathematics, for, Chemists | ||
| 942 |
_2ddc _cBK |
||
| 999 |
_c166904 _d166904 |
||